000 00619nam a2200217Ia 4500
003 OSt
005 20220927105430.0
006 a|||||r|||| 00| 0
007 ta
008 220926b |||||||| |||| 00| 0 eng d
024 _a171133
037 _cReference Collections
040 _aRTL
_cRTL
_beng
041 _2eng
_aeng
082 _a"T4.281,e4,d.N87 - N86, M6/GD"
245 0 _a64th Annual Report 1986-87.
260 _aDelhi
_bUniversity of Delhi
_c1986
300 _avii; 151p.
_ccm.
942 _h"T4.281,e4,d.N87 - N86, M6/GD"
_cCC
999 _c692497
_d692497